| 000 | 00625nam a2200157Ia 4500 | ||
|---|---|---|---|
| 008 | 151213s9999 xx 000 0 und d | ||
| 020 | _a984-445-250-08 | ||
| 100 | _aফোরকান আহমদ। | ||
| 245 |
_aশিক্ষাবিদ ও সাহিত্যিক বেগম রাজিয়া হোসেইন জীবন ও কর্ম । _cফোরকান আহমদ। |
||
| 260 |
_aঢাকা _bপালক পাবলিশার্স। _c2009 |
||
| 300 | _a8486 p. | ||
| 650 | _aBangla | ||
| 650 | _aBengali Literature | ||
| 700 | _aফোরকান আহমদ। | ||
| 999 |
_c4323 _d4323 |
||